|
|
|
|
| LEADER |
03622nas a2200745 a 4500 |
| 001 |
nkc20051326570 |
| 003 |
CZ PrNK |
| 005 |
20220623121613.0 |
| 007 |
ta |
| 008 |
040616d19992013xr ar 0 b0cze |
| 015 |
|
|
|a cnb001326570
|
| 035 |
|
|
|a (OCoLC)53266863
|
| 040 |
|
|
|a ABA001
|b cze
|d OLA001
|
| 043 |
|
|
|a e------
|a e-xr---
|
| 072 |
|
7 |
|a 377
|x Odborné vzdělávání
|2 Konspekt
|9 22
|
| 080 |
|
|
|a 37.014.542
|2 MRF
|
| 080 |
|
|
|a 377
|2 MRF
|
| 080 |
|
|
|a (4)
|2 MRF
|
| 080 |
|
|
|a (437.3)
|2 MRF
|
| 080 |
|
|
|a (048.8)
|2 MRF
|
| 245 |
0 |
0 |
|a Kompendium projektů ... :
|b program Leonardo da Vinci : Česká republika
|
| 246 |
3 |
|
|a Leonardo da Vinci - program
|
| 246 |
3 |
|
|a Program Leonardo da Vinci - kompendium projektů
|
| 246 |
3 |
0 |
|a Program Leonardo da Vinci
|
| 260 |
|
|
|a Praha :
|b Národní vzdělávací fond :
|b Národní agentura programu Leonardo da Vinci,
|c [1999]-2013
|
| 260 |
3 |
|
|3 2011-
|a Praha :
|b Dům zahraničních služeb, Národní agentura pro evropské vzdělávací programy
|
| 300 |
|
|
|a ^^^sv. ;
|c 30 cm
|
| 310 |
|
|
|a Ročenka
|
| 500 |
|
|
|a Součástí názvu je označení běžného roku
|
| 500 |
|
|
|a V roč. 2013 mírná změna názvu vydavatele: Dům zahraniční spolupráce (DZS)
|
| 500 |
|
|
|a Jednotlivé sv. mají ISBN
|
| 500 |
|
|
|a Popsáno podle: roč. 2003/2004
|
| 541 |
|
|
|c pv-r
|
| 610 |
2 |
7 |
|a Leonardo da Vinci (program)
|7 kn20040615008
|2 czenas
|
| 650 |
0 |
7 |
|a vzdělávací projekty
|7 ph242428
|z země Evropské unie
|2 czenas
|
| 650 |
0 |
7 |
|a vzdělávací projekty
|7 ph242428
|z Česko
|2 czenas
|
| 650 |
0 |
7 |
|a odborné vzdělávání
|7 ph115558
|2 czenas
|
| 650 |
0 |
9 |
|a educational projects
|z European Union countries
|2 eczenas
|
| 650 |
0 |
9 |
|a educational projects
|z Czechia
|2 eczenas
|
| 650 |
0 |
9 |
|a vocational education
|2 eczenas
|
| 655 |
|
7 |
|a přehledy
|7 fd133202
|2 czenas
|
| 655 |
|
9 |
|a surveys
|2 eczenas
|
| 710 |
2 |
|
|a Leonardo da Vinci (program)
|7 kn20040615008
|
| 856 |
4 |
1 |
|u http://www.digitalniknihovna.cz/mzk/uuid/uuid:70cd5780-835f-11ec-aace-5ef3fc9bb22f
|y Digitalizovaný dokument
|x NDK
|
| 902 |
|
|
|a 80-238-8377-1
|q (2000 ;
|q brož.)
|
| 902 |
|
|
|a 80-903125-6-X
|q (2001 ;
|q brož.)
|
| 902 |
|
|
|a 80-86728-08-0
|q (2002 ;
|q brož.)
|
| 902 |
|
|
|a 80-86728-21-8
|q (2003/2004 ;
|q brož.)
|
| 902 |
|
|
|a 80-86728-30-7
|q (2005 ;
|q brož.)
|
| 902 |
|
|
|a 978-80-87335-25-3
|q (2011 ;
|q váz.)
|
| 902 |
|
|
|a 978-80-87335-42-0
|q (2012 ;
|q váz.)
|
| 902 |
|
|
|a 978-80-87335-57-4
|q (2013 ;
|q brož.)
|
| 910 |
2 |
|
|a BOA001
|b 4-1108.680
|r 2001-2005,2010-
|
| 920 |
|
|
|a 000641949
|
| 928 |
9 |
|
|a Dům zahraniční spolupráce (DZS)
|
| 990 |
|
|
|a SE
|
| 995 |
|
|
|a 01
|
| 996 |
6 |
|
|b 2610177140
|c 4-1108.680
|d 2001
|y 2001
|l MZK
|r Sklad / do 1 hodiny
|n 1
|p p.v.
|w 000641949
|u 000010
|a 1
|e BOA001
|j MZK50
|s P
|
| 996 |
6 |
|
|b 2610219321
|c 4-1108.680
|d 2002
|y 2002
|l MZK
|r Sklad / do 1 hodiny
|n 1
|p p.v.
|w 000641949
|u 000020
|a 1
|e BOA001
|j MZK50
|s P
|
| 996 |
6 |
|
|b 2610252484
|c 4-1108.680
|d 2003-04
|y 2003-2004
|l MZK
|r Sklad / do 1 hodiny
|n 1
|p p.v.
|w 000641949
|u 000030
|a 1
|e BOA001
|j MZK50
|s P
|
| 996 |
6 |
|
|b 2610318360
|c 4-1108.680
|d 2005
|y 2005
|l MZK
|r Sklad / do 1 hodiny
|n 0
|p p.v.
|w 000641949
|u 000040
|a 1
|e BOA001
|j MZK50
|s P
|
| 996 |
6 |
|
|b 2610495329
|c 4-1108.680
|d 2011
|v 2011
|y 2011
|l MZK
|r Sklad / do 1 hodiny
|n 0
|p p.v.
|w 000641949
|u 000050
|a 1
|e BOA001
|j MZK50
|s P
|
| 996 |
6 |
|
|b 2610555350
|c 4-1108.680
|d 2012
|v 2012
|y 2012
|l MZK
|r Sklad / do 1 hodiny
|n 0
|p p.v.
|w 000641949
|u 000060
|a 1
|e BOA001
|j MZK50
|s P
|
| 996 |
6 |
|
|b 2610583388
|c 4-1108.680
|d 2013
|v 2013
|y 2013
|l MZK
|r Sklad / do 1 hodiny
|n 0
|p p.v.
|w 000641949
|u 000070
|a 1
|e BOA001
|j MZK50
|s P
|
| 996 |
6 |
|
|b 2610621121
|c 4-1108.680
|d 2010
|v 2010
|y 2010
|l MZK
|r Sklad / do 1 hodiny
|n 0
|p p.v.
|w 000641949
|u 000080
|a 1
|e BOA001
|j MZK50
|s P
|